3 indices pour une ville française - niveau difficile - Statistiques

Statistiques générales
  • Ce quiz a été pris 83 fois
  • Le résultat moyen est 13 sur 20
Statistiques - réponses
Indices Villes % Correct
Corse • Napoléon • Sanguinaires Ajaccio
92%
Cité de la Mer • Parapluies • Cotentin Cherbourg
88%
Pont-canal • Pruneaux • Cathédrale Saint-Caprais Agen
81%
Place Stanislas • Bergamotes • Lorraine Nancy
81%
Fontaines • Calissons • Cézanne. Aix-en-Provence
79%
Festival • La Croisette • Îles de Lérins Cannes
79%
Jeanne d'Arc • Cathédrale Sainte-Croix • Fêtes johanniques Orléans
78%
Bande dessinée • Remparts • Murs peints Angoulème
75%
Pyrénées • Henri IV • Grand Prix historique Pau
74%
Cité médiévale • Canal du Midi • Cathares Carcassonne
72%
Abbaye Saint-Germain • Vignobles de Chablis • Guy Roux Auxerre
71%
Parfum • Tanneries • Fleurs Grasse
71%
Arènes • Camargue • Van Gogh Arles
68%
Port militaire • Océanopolis • Rue de Siam Brest
65%
Thermes • Pastilles • Napoléon III Vichy
61%
Tunnel • Dentelle • Six Bourgeois Calais
49%
Briques rouges • Toulouse-Lautrec • Cité épiscopale Albi
43%
Cadre Noir • Château de la Loire • Vins Saumur
43%
Canal du Midi • Féria d'août • Rugby Béziers
39%
Palais Ducal • Faïence bleue • Circuit de Magny-Cours Nevers
33%
Aucun quiz correspondant
Distribution des résultats
% des personnes avec chaque résultat
Percentile par nombre de réponses
Votre historique - résultats
Vous n’avez pas pris ce quiz